[Event "Memorial Perezzani 2019"]
[Site "?"]
[Date "2019.03.03"]
[Round "4.6"]
[White "Perantoni, Matteo"]
[Black "Leone, Cataldo"]
[Result "1-0"]
[WhiteElo "1680"]
[BlackElo "1490"]
[PlyCount "45"]
[EventDate "2019.??.??"]

1. e4 e5 2. Nf3 Nc6 3. Bb5 a6 4. Ba4 b5 5. Bb3 d6 6. h3 Nf6 7. Ng5 d5 8. exd5
Nxd5 9. Qf3 Qxg5 10. Bxd5 Nd8 11. Bxa8 Bc5 12. Nc3 O-O 13. d4 Qg6 14. dxc5 b4
15. Nd5 Re8 16. Qg3 Qe4+ 17. Be3 Kf8 18. Nxc7 Qxc2 19. Nxe8 Qxb2 20. O-O Kxe8
21. Qxg7 Ne6 22. Qg8+ Nf8 23. Bh6 1-0

[Event "Memorial Perezzani 2019"]
[Site "?"]
[Date "2019.03.03"]
[Round "4.7"]
[White "Jimchi, Abdelaziz"]
[Black "Gneo, Marco"]
[Result "1/2-1/2"]
[WhiteElo "1703"]
[BlackElo "1703"]
[PlyCount "87"]
[EventDate "2019.??.??"]

1. d4 Nf6 2. Nf3 e6 3. Bf4 c5 4. c3 Nc6 5. e3 d5 6. dxc5 Bxc5 7. Nbd2 O-O 8.
Bd3 Re8 9. Ne5 g6 10. Qf3 Be7 11. g4 Nxe5 12. Bxe5 Nd7 13. Bg3 a6 14. h4 Nc5
15. Bc2 e5 16. Bxe5 Bxh4 17. Bd4 Ne6 18. Nb3 Nxd4 19. Nxd4 Qg5 20. Kd2 Qf6 21.
Qxf6 Bxf6 22. Rag1 b5 23. a3 Bb7 24. g5 Bxd4 25. cxd4 a5 26. Rh6 Kg7 27. Rgh1
Rh8 28. Bd3 b4 29. axb4 axb4 30. Kc2 Ba6 31. Bxa6 Rxa6 32. Kb3 f6 33. gxf6+
Rxf6 34. R1h2 Rb6 35. f3 Re6 36. Kxb4 Rxe3 37. Kc5 Rxf3 38. Kxd5 Rf5+ 39. Kc4
Rc8+ 40. Kd3 Rh8 41. b4 g5 42. Rb6 Rf3+ 43. Ke4 Rf4+ 44. Kd3 1/2-1/2

[Event "Memorial Perezzani 2019"]
[Site "?"]
[Date "2019.03.03"]
[Round "4.8"]
[White "Fiscato, Claudio"]
[Black "Adami, Antonio"]
[Result "1-0"]
[WhiteElo "1636"]
[BlackElo "1787"]
[PlyCount "64"]
[EventDate "2019.??.??"]

1. e4 Nf6 2. e5 Nd5 3. d4 d6 4. Nf3 Bg4 5. Be2 c6 6. O-O dxe5 7. Nxe5 Bxe2 8.
Qxe2 e6 9. c4 Nf6 10. Be3 Be7 11. Nc3 O-O 12. h3 Nbd7 13. Nf3 Re8 14. a3 Qc7
15. Rfd1 Nb6 16. Rac1 Rad8 17. g3 Qc8 18. Kg2 Rd7 19. b4 Na8 20. Qb2 Bf8 21.
Ne5 Rdd8 22. f4 Bd6 23. g4 b6 24. g5 Bxe5 25. dxe5 Nh5 26. Ne4 c5 27. Qe2 Qb7
28. Qf3 Rb8 29. Rd6 cxb4 30. axb4 g6 31. Rcd1 Qa6 32. c5 bxc5 1-0

[Event "Memorial Perezzani 2019"]
[Site "?"]
[Date "2019.03.03"]
[Round "4.9"]
[White "Frescura, Davide"]
[Black "Marcori, Mirko"]
[Result "1-0"]
[WhiteElo "1645"]
[BlackElo "1733"]
[PlyCount "151"]
[EventDate "2019.??.??"]

1. e4 d5 2. exd5 Nf6 3. Nf3 Nxd5 4. d4 Bg4 5. h3 Bh5 6. g4 Bg6 7. Ne5 Qd6 8.
Bg2 c6 9. h4 h6 10. Nxg6 Qxg6 11. c3 Qe6+ 12. Qe2 Qxe2+ 13. Kxe2 e6 14. a3 Bd6
15. Kf3 Nd7 16. c4 N5f6 17. Nc3 O-O-O 18. Be3 Bb8 19. g5 hxg5 20. hxg5 Nh5 21.
Kg4 g6 22. f4 f5+ 23. gxf6 Ndxf6+ 24. Kf3 Rdf8 25. Bh3 Ng7 26. Rag1 Rh6 27.
Bxe6+ Nxe6 28. Rxh6 Bxf4 29. Bxf4 Nh5 30. Rhxg6 Rxf4+ 31. Ke3 Nxd4 32. R1g5
Nf5+ 33. Kd2 Rf2+ 34. Ke1 Rf3 35. Rxh5 Nd4 36. Rg8+ Kc7 37. Rh7+ Kb6 38. Rgg7
Kc5 39. Rxb7 Kxc4 40. Rb4+ Kd3 41. Rd7 c5 42. Rbxd4+ cxd4 43. Ne2 Re3 44. Rxd4+
Kc2 45. Rd2+ Kb3 46. Kf2 Rh3 47. Nc1+ Kc4 48. Kg2 Rh7 49. b4 Kc3 50. Re2 Rg7+
51. Kf2 Rf7+ 52. Ke1 Rh7 53. Rf2 Rh1+ 54. Rf1 Rh7 55. Ne2+ Kb3 56. Rf3+ Ka4 57.
Kd2 Rd7+ 58. Kc2 a5 59. Rb3 axb4 60. axb4 Kb5 61. Nc3+ Kc4 62. b5 Rh7 63. Kb2
Rh2+ 64. Ka3 Rh8 65. b6 Kc5 66. Na4+ Kc6 67. Rc3+ Kb7 68. Kb4 Rh7 69. Kb5 Rh1
70. Nc5+ Ka8 71. b7+ Kb8 72. Ra3 Rb1+ 73. Kc6 Rb6+ 74. Kd7 Rd6+ 75. Ke7 Ra6 76.
Rxa6 1-0

[Event "Memorial Perezzani 2019"]
[Site "?"]
[Date "2019.03.03"]
[Round "4.10"]
[White "Pisani, Valerio"]
[Black "Jasimi, Alfred"]
[Result "0-1"]
[WhiteElo "1737"]
[BlackElo "1669"]
[PlyCount "70"]
[EventDate "2019.??.??"]

1. d4 d5 2. c4 e6 3. Nc3 Nf6 4. Nf3 c5 5. e3 Nc6 6. Bd3 a6 7. a4 cxd4 8. exd4
dxc4 9. Bxc4 Bb4 10. O-O h6 11. Be3 Qa5 12. Qc2 Qh5 13. Ne4 Ng4 14. Ng3 Nxe3
15. fxe3 Qg4 16. Be2 Bd7 17. Ne5 Qg5 18. Qb3 Nxe5 19. Qxb4 Qxe3+ 20. Kh1 Nc6
21. Qxb7 Ra7 22. Qb6 Qxd4 23. Qb3 O-O 24. Rfd1 Qe5 25. Rd2 Rb8 26. Qc2 Nb4 27.
Qc4 Bc6 28. Qh4 Bd5 29. Rad1 Rc7 30. Bf3 Rc2 31. Rxc2 Nxc2 32. Bxd5 exd5 33.
Nh5 Ne3 34. Re1 Rxb2 35. Qh3 Ng4 0-1

[Event "Memorial Perezzani 2019"]
[Site "?"]
[Date "2019.03.03"]
[Round "4.11"]
[White "De Paoli, Emilio"]
[Black "De Marchi, Alessandro"]
[Result "1-0"]
[WhiteElo "1718"]
[BlackElo "1612"]
[PlyCount "65"]
[EventDate "2019.??.??"]

1. e4 c5 2. Nf3 d6 3. d4 Nf6 4. Nc3 cxd4 5. Nxd4 a6 6. Be2 e5 7. Nb3 Be6 8. O-O
Nbd7 9. Be3 Be7 10. Kh1 O-O 11. f4 Qc7 12. f5 Bc4 13. Nd2 Bxe2 14. Qxe2 b5 15.
a3 Nb6 16. g4 Nc4 17. g5 Nxe3 18. gxf6 Bxf6 19. Qxe3 Rac8 20. Nd5 Qd8 21. Nxf6+
Qxf6 22. c3 Kh8 23. Rg1 Rfd8 24. Raf1 d5 25. Qg3 d4 26. Nb1 Rc4 27. Qg5 dxc3
28. Qxf6 gxf6 29. Nxc3 b4 30. Nd5 bxa3 31. bxa3 Rxe4 32. Nxf6 Re3 33. Rg2 1-0

[Event "Memorial Perezzani 2019"]
[Site "?"]
[Date "2019.03.03"]
[Round "4.12"]
[White "Vitaliani, Marco"]
[Black "Casarotto, Michele"]
[Result "1/2-1/2"]
[WhiteElo "1637"]
[BlackElo "1714"]
[PlyCount "95"]
[EventDate "2019.??.??"]

1. e4 e5 2. Nf3 Nf6 3. Nc3 d6 4. b3 Be7 5. Be2 O-O 6. O-O a6 7. Bb2 Nc6 8. Re1
Bg4 9. d3 Re8 10. Nd5 Bf8 11. Nxe5 Nxe5 12. Nxf6+ gxf6 13. Bxg4 Bh6 14. Bf5 Qe7
15. Qh5 Qf8 16. f4 Ng6 17. Bxf6 Bxf4 18. Rf1 Qh6 19. Bxg6 Be3+ 20. Kh1 hxg6 21.
Qxh6 Bxh6 22. Rae1 Bg7 23. Bxg7 Kxg7 24. Re2 Re5 25. d4 Re6 26. Rfe1 b5 27. c3
a5 28. Kg1 a4 29. b4 Rae8 30. Kf2 Rh8 31. Kg3 c6 32. e5 Rhe8 33. exd6 Rxe2 34.
Rxe2 Rd8 35. Re5 Rxd6 36. Kf3 f6 37. Re2 Kf7 38. g4 Rd8 39. Ke4 Rh8 40. d5 Re8+
41. Kf3 Rxe2 42. Kxe2 cxd5 43. h4 f5 44. Kf3 fxg4+ 45. Kxg4 Kf6 46. Kf4 a3 47.
Kg4 Kg7 48. Kf4 1/2-1/2

[Event "Memorial Perezzani 2019"]
[Site "?"]
[Date "2019.03.03"]
[Round "4.13"]
[White "Conte, Roberto"]
[Black "Roiatti, Noris"]
[Result "0-1"]
[WhiteElo "1506"]
[BlackElo "1685"]
[PlyCount "93"]
[EventDate "2019.??.??"]

1. e4 d6 2. Nc3 g6 3. Bc4 Nc6 4. Nf3 Nf6 5. d3 Bg7 6. Bf4 O-O 7. O-O Na5 8. Bb3
c6 9. h3 b5 10. Qd2 Bb7 11. Ne2 Nxb3 12. axb3 Re8 13. Bh6 c5 14. Bxg7 Kxg7 15.
Rfe1 c4 16. bxc4 bxc4 17. Ng3 cxd3 18. cxd3 h6 19. Nh4 e6 20. Nf3 Kh7 21. Nh2
Qe7 22. Rec1 Rec8 23. Qa5 Rc6 24. Rxc6 Bxc6 25. Rc1 Rc8 26. Nf3 Qb7 27. Ra1
Qxb2 28. Qxa7 Be8 29. Qa6 Rc2 30. Rf1 Rc6 31. Qa7 Kg7 32. Nd4 Rc1 33. Nxe6+ Kg8
34. Nc7 Rxf1+ 35. Nxf1 Bd7 36. Nd5 Be6 37. Ne7+ Kg7 38. Qc7 Qd4 39. Qc2 Bd7 40.
Ne3 Qa1+ 41. Kh2 Qe5+ 42. g3 Qxe7 43. f4 Qe8 44. Qb2 Qe7 45. Nd5 Qd8 46. Qd4
Be6 47. e5 0-1

[Event "Memorial Perezzani 2019"]
[Site "?"]
[Date "2019.03.03"]
[Round "4.14"]
[White "Tencheni, Maurizio"]
[Black "Cortese, Lina"]
[Result "1-0"]
[WhiteElo "1599"]
[BlackElo "1634"]
[PlyCount "63"]
[EventDate "2019.??.??"]

1. Nf3 e6 2. c4 f5 3. g3 Nf6 4. Bg2 c6 5. b3 d5 6. Bb2 Bd6 7. O-O O-O 8. d4
Nbd7 9. Nbd2 b6 10. Ne5 Bb7 11. Ndf3 Ne4 12. Rc1 Rc8 13. e3 Qe7 14. Rc2 Nxe5
15. Nxe5 Nf6 16. Qc1 Nd7 17. Nd3 c5 18. Qa1 Rc7 19. Re1 dxc4 20. bxc4 Bxg2 21.
Kxg2 Qg5 22. Nf4 Re8 23. d5 exd5 24. cxd5 Bxf4 25. exf4 Rxe1 26. Qxe1 Qg6 27.
Re2 Qd6 28. Re8+ Nf8 29. Qe6+ Qxe6 30. dxe6 c4 31. e7 Rxe7 32. Rxe7 1-0

[Event "Memorial Perezzani 2019"]
[Site "?"]
[Date "2019.03.03"]
[Round "4.15"]
[White "Crestani, Federico"]
[Black "Sala, Giulia"]
[Result "1/2-1/2"]
[WhiteElo "1525"]
[BlackElo "1774"]
[PlyCount "80"]
[EventDate "2019.??.??"]

1. d4 d5 2. Bf4 Nf6 3. Nf3 c5 4. e3 Nc6 5. c3 Qb6 6. Qc2 Bf5 7. Qc1 e6 8. Nbd2
Be7 9. Be2 O-O 10. Nh4 Bg4 11. Nhf3 h6 12. Bd3 Nh5 13. Bg3 Nxg3 14. hxg3 Rfe8
15. Qc2 c4 16. Be2 Bf5 17. Qc1 a5 18. Bd1 a4 19. a3 Ra5 20. Bc2 Bxc2 21. Qxc2
Bf6 22. O-O g5 23. g4 Kg7 24. g3 Rh8 25. Kg2 $11 h5 26. gxh5 Rb5 27. Rab1 Rxh5
28. Rh1 Rxh1 29. Kxh1 Be7 30. Kg2 g4 31. Ng1 Na5 32. Ne2 Nb3 33. Rh1 f5 34. Rd1
Ra5 35. Nf4 Kf7 36. Rh1 Bg5 37. Nxb3 Qxb3 38. Qxb3 axb3 39. Rh7+ Kf6 40. Rxb7
Ra6 1/2-1/2

[Event "Memorial Perezzani 2019"]
[Site "?"]
[Date "2019.03.03"]
[Round "4.16"]
[White "Pavesi, Bianca"]
[Black "Zonta, Riccardo"]
[Result "1/2-1/2"]
[WhiteElo "1500"]
[BlackElo "1539"]
[PlyCount "33"]
[EventDate "2019.??.??"]

1. d4 b6 2. Nf3 Bb7 3. e3 e6 4. c4 c5 5. Nc3 Nf6 6. Be2 Be7 7. O-O O-O 8. b3 d5
9. Bb2 Nbd7 10. Rc1 a6 11. a3 Re8 12. Re1 dxc4 13. bxc4 Rc8 14. Na2 cxd4 15.
Qxd4 Nc5 16. Qxd8 $11 Rexd8 17. Nd4 1/2-1/2

[Event "Memorial Perezzani 2019"]
[Site "?"]
[Date "2019.03.03"]
[Round "5.1"]
[White "Zanirato, Stefano"]
[Black "Cervati, Michele"]
[Result "1/2-1/2"]
[WhiteElo "1865"]
[BlackElo "1729"]
[PlyCount "26"]
[EventDate "2019.??.??"]

1. e4 e6 2. d4 d5 3. Bd3 Nf6 4. Bg5 Be7 5. e5 Nfd7 6. Bxe7 Qxe7 7. a3 c5 8. c3
Nc6 9. Nf3 cxd4 10. cxd4 f6 11. Qe2 fxe5 12. dxe5 Nc5 13. Bc2 Bd7 1/2-1/2

[Event "Memorial Perezzani 2019"]
[Site "?"]
[Date "2019.03.03"]
[Round "5.2"]
[White "Adami, Alessandro"]
[Black "Negro, Raffaele"]
[Result "0-1"]
[WhiteElo "1797"]
[BlackElo "1831"]
[PlyCount "60"]
[EventDate "2019.??.??"]

1. e4 e6 2. d4 d5 3. exd5 exd5 4. Bd3 Nf6 5. h3 Be7 6. Bf4 Nc6 7. c3 O-O 8. Nf3
h6 9. O-O Bd6 10. Bxd6 Qxd6 11. Re1 Bd7 12. Ne5 Be6 13. Nd2 Ne7 14. Nb3 b6 15.
a4 a5 16. Qc2 Nh5 17. c4 dxc4 18. Bxc4 Bxc4 19. Nxc4 Qd8 20. Qe2 Qd5 21. Qxe7
Qxc4 22. Re3 Nf6 23. Rc3 Qa6 24. Rc6 Nd5 25. Qd7 Rad8 26. Qg4 Kh8 27. Rac1 Qd3
28. Qd1 Qf5 29. Qc2 Qg5 30. Qd2 Nf4 0-1

[Event "Memorial Perezzani 2019"]
[Site "?"]
[Date "2019.03.03"]
[Round "5.3"]
[White "Rosina, Graziano"]
[Black "Perantoni, Matteo"]
[Result "1/2-1/2"]
[WhiteElo "1763"]
[BlackElo "1680"]
[PlyCount "56"]
[EventDate "2019.??.??"]

1. Nf3 Nf6 2. d4 d5 3. c4 e6 4. Nc3 Bb4 5. Bg5 Nbd7 6. cxd5 exd5 7. Qb3 Bxc3+
8. bxc3 Nb6 9. e3 Bf5 10. Be2 Qd6 11. Bf4 Qe7 12. O-O O-O 13. Rfc1 Rfe8 14. a4
c6 15. a5 Nc8 16. Ne5 Nd6 17. Qa2 Nd7 18. Nd3 Bxd3 19. Bxd3 b5 20. axb6 Nxb6
21. Qa3 Ndc4 22. Qa6 Qd7 23. Rcb1 Re7 24. Bxc4 Nxc4 25. Rb8+ Rxb8 26. Bxb8 Re8
27. Bg3 Ra8 28. h3 Kf8 1/2-1/2

[Event "Memorial Perezzani 2019"]
[Site "?"]
[Date "2019.03.03"]
[Round "5.4"]
[White "Magnabosco, Mauro Denis"]
[Black "Sottroi, Carlo"]
[Result "1/2-1/2"]
[WhiteElo "1699"]
[BlackElo "1731"]
[Annotator "Zanchetta,Nicola"]
[PlyCount "92"]
[EventDate "2019.??.??"]

1. c4 e5 2. g3 Nf6 3. Bg2 c6 4. Nf3 Qc7 5. Nc3 Be7 6. d3 h6 7. Bd2 d6 8. Rc1
O-O 9. O-O Bg4 10. h3 Be6 11. a3 Nbd7 12. b4 Nh7 13. b5 f5 14. a4 Nhf6 15. Nh4
Kh7 16. e4 fxe4 17. Nxe4 g6 18. Qe1 Ng8 19. Nf3 Kg7 20. Nh2 Ndf6 21. Qe3 Nxe4
22. Qxe4 Bf5 23. Qe2 Rae8 24. g4 Bd7 25. Be3 b6 26. Qd2 c5 27. f4 Bf6 28. g5
hxg5 29. fxg5 Bd8 30. Rce1 Ne7 31. Rxf8 Rxf8 32. Rf1 Rxf1+ 33. Nxf1 Nf5 34. Bf2
Bc8 35. h4 Bb7 36. Ne3 Nxe3 37. Bxe3 Bxg2 38. Qxg2 Qd7 39. Qf3 Be7 40. Kg2 Qf5
41. Qe4 Qxe4+ 42. dxe4 Bd8 $11 43. Kg3 Be7 44. Kg4 Kf7 45. h5 Kg7 46. Bd2 Bd8
1/2-1/2

[Event "Memorial Perezzani 2019"]
[Site "?"]
[Date "2019.03.03"]
[Round "5.5"]
[White "Aliberti, Nicola"]
[Black "Pieropan, Giorgio"]
[Result "1/2-1/2"]
[WhiteElo "1690"]
[BlackElo "1792"]
[PlyCount "39"]
[EventDate "2019.??.??"]

1. d4 d5 2. Nf3 Nf6 3. Bf4 a6 4. h3 e6 5. e3 c5 6. c3 Nc6 7. Be2 Qb6 8. Qb3
Qxb3 9. axb3 Ne4 10. Nbd2 Nxd2 11. Nxd2 Be7 12. O-O O-O 13. Nf3 Bd7 14. Ne5
Nxe5 15. Bxe5 Rfc8 16. Rfc1 cxd4 17. exd4 Bg5 18. Rf1 Be7 19. Rfc1 Bg5 20. Rf1
1/2-1/2

[Event "Memorial Perezzani 2019"]
[Site "?"]
[Date "2019.03.03"]
[Round "5.6"]
[White "Gneo, Marco"]
[Black "Frescura, Davide"]
[Result "0-1"]
[WhiteElo "1703"]
[BlackElo "1645"]
[PlyCount "48"]
[EventDate "2019.??.??"]

1. d4 Nf6 2. Nf3 d5 3. g3 e6 4. Bg2 c6 5. O-O Nbd7 6. Nfd2 Bd6 7. c4 O-O 8. Nc3
Bc7 9. e4 dxe4 10. Ndxe4 Nxe4 11. Nxe4 e5 12. d5 cxd5 13. cxd5 f5 14. Ng5 Nf6
15. Qb3 Qd6 16. Bd2 a5 17. Rac1 Kh8 18. Qc4 Bb6 19. Be3 Bxe3 20. fxe3 h6 21.
Ne6 Bxe6 22. dxe6 Qb6 23. Rxf5 Qxe3+ 24. Kh1 Ng4 0-1

[Event "Memorial Perezzani 2019"]
[Site "?"]
[Date "2019.03.03"]
[Round "5.7"]
[White "Fiscato, Claudio"]
[Black "De Paoli, Emilio"]
[Result "1/2-1/2"]
[WhiteElo "1636"]
[BlackElo "1718"]
[PlyCount "77"]
[EventDate "2019.??.??"]

1. e4 e6 2. d4 d5 3. Nd2 c5 4. exd5 Qxd5 5. Ngf3 cxd4 6. Bc4 Qa5 7. Nxd4 Qe5+
8. Ne2 Nf6 9. O-O Nc6 10. Nf3 Qc5 11. Bb3 Be7 12. Be3 Qa5 13. h3 O-O 14. Ng3
Rd8 15. Qe2 Nd5 16. Bd2 Qc7 17. c3 b6 18. Rfe1 Bb7 19. Bc2 Nf4 20. Qe4 Ng6 21.
Qe2 Bd6 22. Ne4 Bf4 23. Be3 Nce7 24. Rad1 Nf5 25. Bxf4 Nxf4 26. Qf1 a5 27. c4
b5 28. c5 Ba6 29. Rxd8+ Qxd8 30. Rd1 Nd5 31. Qe1 b4 32. Neg5 Qf6 33. Rb1 Rc8
34. g4 h6 35. Ne4 Qg6 36. Kh2 Nfe7 37. Rc1 f5 38. Nh4 Qh7 39. Nd6 1/2-1/2

[Event "Memorial Perezzani 2019"]
[Site "?"]
[Date "2019.03.03"]
[Round "5.8"]
[White "Leone, Cataldo"]
[Black "Jimchi, Abdelaziz"]
[Result "0-1"]
[WhiteElo "1490"]
[BlackElo "1703"]
[PlyCount "104"]
[EventDate "2019.??.??"]

1. e4 d5 2. exd5 Qxd5 3. Nc3 Qd6 4. d4 Nf6 5. Nf3 c6 6. h3 Bf5 7. Bc4 e6 8. O-O
Nbd7 9. Re1 Be7 10. Nh4 Bg6 11. Nxg6 hxg6 12. Be3 Rh5 13. Be2 Rh7 14. Qd2 Qc7
15. Bf3 Nb6 16. b3 Bb4 17. a3 Bxc3 18. Qxc3 Nbd5 19. Qd3 Nxe3 20. Rxe3 Rd8 21.
Qc4 Qd6 22. c3 Kf8 23. Qc5 Qxc5 24. dxc5 Ke7 25. Kf1 Rhh8 26. Ke2 Rd7 27. Rd1
Rhd8 28. Red3 Nd5 29. Bxd5 Rxd5 30. Rxd5 exd5 31. Kf3 Rh8 32. Re1+ Kd7 33. Kg3
Rh5 34. Kf3 f6 35. Re2 Rf5+ 36. Kg4 Re5 37. Rxe5 fxe5 38. Kg5 Ke6 39. Kg4 Kf6
40. a4 a5 41. Kf3 Ke6 42. g4 g5 43. Ke3 Kd7 44. f3 Kc7 45. Kd3 b6 46. b4 axb4
47. cxb4 bxc5 48. bxc5 Kb7 49. Kc3 Ka6 50. Kb3 Ka5 51. Kc3 Kxa4 52. Kd3 Kb4 0-1

[Event "Memorial Perezzani 2019"]
[Site "?"]
[Date "2019.03.03"]
[Round "5.9"]
[White "Roiatti, Noris"]
[Black "Belloni, Umberto"]
[Result "1-0"]
[WhiteElo "1685"]
[BlackElo "1630"]
[PlyCount "91"]
[EventDate "2019.??.??"]

1. e4 e6 2. Nc3 d5 3. d4 dxe4 4. Nxe4 Nf6 5. Bg5 Nbd7 6. Bb5 Be7 7. Nxf6+ Bxf6
8. Bxf6 gxf6 9. Qh5 Qe7 10. a3 a6 11. Bd3 c5 12. Nf3 cxd4 13. Nxd4 Qd6 14. Nf3
Ne5 15. O-O-O Qc5 16. Nxe5 Qxe5 17. Qh4 Qg5+ 18. Qxg5 fxg5 19. h4 g4 20. h5 h6
21. Rhe1 Bd7 22. Bf5 Rg8 23. Rd4 g3 24. fxg3 O-O-O 25. Bg4 Bc6 26. Rc4 Kb8 27.
Rf4 f5 28. Bf3 Bxf3 29. Rxf3 Rd6 30. Rfe3 Re8 31. Re5 Rg8 32. Rxe6 Rxe6 33.
Rxe6 Rxg3 34. Rxh6 Rxg2 35. Rf6 Rg5 36. h6 Rh5 37. Rf8+ Ka7 38. Rh8 Rh2 39. h7
f4 40. Kd1 f3 41. Ke1 a5 42. b4 axb4 43. axb4 Kb6 44. c4 Kc7 45. c5 b6 46. Ra8
1-0

[Event "Memorial Perezzani 2019"]
[Site "?"]
[Date "2019.03.03"]
[Round "5.10"]
[White "Jasimi, Alfred"]
[Black "Tencheni, Maurizio"]
[Result "1/2-1/2"]
[WhiteElo "1669"]
[BlackElo "1599"]
[PlyCount "66"]
[EventDate "2019.??.??"]

1. e4 b6 2. d4 Bb7 3. Nd2 e6 4. g3 g6 5. Bg2 Bg7 6. Ne2 Ne7 7. O-O d6 8. f4 f5
9. c4 Nd7 10. Rb1 a6 11. d5 e5 12. Nf3 Bc8 13. b4 Rb8 14. Bb2 h6 15. Nh4 Rg8
16. fxe5 Nxe5 17. Bxe5 Bxe5 18. exf5 Nxf5 19. Nxf5 Bxf5 20. Rxf5 gxf5 21. Nd4
Bxd4+ 22. Qxd4 Kf7 23. Rf1 Qf6 24. Qf4 Rg4 25. Qf3 Kg6 26. Bh3 Rg5 27. Re1 Qd4+
28. Kg2 Rf8 29. Re6+ Rf6 30. Qe2 Rxe6 31. Qxe6+ Qf6 32. Qg8+ Qg7 33. Qe6+ Qf6
1/2-1/2

[Event "Memorial Perezzani 2019"]
[Site "?"]
[Date "2019.03.03"]
[Round "5.11"]
[White "Adami, Antonio"]
[Black "Casarotto, Michele"]
[Result "1-0"]
[WhiteElo "1787"]
[BlackElo "1714"]
[PlyCount "83"]
[EventDate "2019.??.??"]

1. d4 d5 2. Bf4 Nf6 3. e3 e6 4. Nd2 b6 5. c3 Be7 6. Ngf3 O-O 7. Ne5 Bb7 8. Bd3
Nbd7 9. Ndf3 Ne4 10. h3 Nxe5 11. Nxe5 f6 12. Nf3 c5 13. O-O Re8 14. Qc2 c4 15.
Bxe4 dxe4 16. Nd2 Qd5 17. b3 cxb3 18. axb3 Red8 19. c4 Qc6 20. Rfd1 a6 21. Qb2
Bd6 22. Bxd6 Rxd6 23. b4 b5 24. c5 Rd7 25. Nb3 Rd5 26. Na5 Qc7 27. Qc2 Bc6 28.
Qxe4 Kf7 29. Qxh7 Rg5 30. Nxc6 Qxc6 31. e4 Rg6 32. Qh4 Rd8 33. f3 Qa8 34. Qf2
Rh8 35. Kf1 Qb8 36. Rxa6 Qh2 37. Ra7+ Kg8 38. Ra8+ Kh7 39. Rxh8+ Kxh8 40. d5
exd5 41. exd5 Qf4 42. d6 1-0

[Event "Memorial Perezzani 2019"]
[Site "?"]
[Date "2019.03.03"]
[Round "5.12"]
[White "Marcori, Mirko"]
[Black "Vitaliani, Marco"]
[Result "0-1"]
[WhiteElo "1733"]
[BlackElo "1637"]
[PlyCount "180"]
[EventDate "2019.??.??"]

1. Nf3 e6 2. c4 f5 3. d4 Nf6 4. e3 b6 5. g3 Bb7 6. Bg2 Bb4+ 7. Bd2 Bxd2+ 8.
Nbxd2 O-O 9. O-O d6 10. Qb3 Nc6 11. c5 d5 12. cxb6 cxb6 13. Rac1 Rc8 14. a3 Na5
15. Qa2 Ba6 16. Rfe1 Qd6 17. Ne5 Nd7 18. Ndf3 Nxe5 19. Nxe5 Bc4 20. Qb1 Rc7 21.
Bf1 Rfc8 22. Bxc4 Nxc4 23. Nxc4 Rxc4 24. Rxc4 Rxc4 25. Rc1 Qc6 26. Rxc4 Qxc4
27. b3 Qc3 28. a4 Kf7 29. Kg2 a5 30. h3 Ke7 31. g4 g6 32. gxf5 exf5 33. h4 Ke6
34. Kf3 h6 35. Qd1 Kd7 36. h5 g5 37. Qb1 Ke6 38. Kg2 Kf6 39. Qd1 g4 40. Kg3
Qc7+ 41. f4 Qc3 42. Kf2 Ke6 43. Qe2 Qxb3 44. Qa6 Kd6 45. Qc8 Qxa4 46. Qxf5 Qd7
47. Qf8+ Kc7 48. Qxh6 a4 49. Qg6 a3 50. h6 Kb7 51. Qg7 Kc7 52. Qxd7+ Kxd7 53.
h7 a2 54. h8=Q a1=Q 55. Qg7+ Kc6 56. Qf6+ Kb5 57. Qe6 Kc4 58. Qc6+ Kd3 59. Qb5+
Kd2 60. Qe2+ Kc3 61. Qe1+ Qxe1+ 62. Kxe1 b5 63. f5 b4 64. f6 b3 65. f7 b2 66.
f8=Q b1=Q+ 67. Kf2 Qe4 68. Qc5+ Kd2 69. Qb4+ Kd1 70. Qe1+ Kc2 71. Qe2+ Kc3 72.
Qe1+ Kb3 73. Kg1 Qf3 74. Qd2 g3 75. Qd3+ Kb2 76. Qd2+ Kb1 77. Qd3+ Kc1 78. Qc3+
Kd1 79. Qd3+ Ke1 80. Qb1+ Ke2 81. Qc2+ Kxe3 82. Qc1+ Ke4 83. Qc2+ Qd3 84. Qg2+
Kxd4 85. Qb2+ Qc3 86. Qb6+ Kd3 87. Qg6+ Kd2 88. Qf5 Qe3+ 89. Kh1 Qh6+ 90. Kg1
Qh2+ 0-1

[Event "Memorial Perezzani 2019"]
[Site "?"]
[Date "2019.03.03"]
[Round "5.13"]
[White "Sala, Giulia"]
[Black "Conte, Roberto"]
[Result "1-0"]
[WhiteElo "1774"]
[BlackElo "1506"]
[PlyCount "135"]
[EventDate "2019.??.??"]

1. e4 e6 2. d4 d5 3. Nc3 dxe4 4. Nxe4 Nc6 5. Nf3 Nf6 6. Nxf6+ Qxf6 7. Bg5 Qf5
8. Bd3 Qa5+ 9. Qd2 Qxd2+ 10. Bxd2 Bd6 11. O-O O-O 12. Rfe1 b6 13. c3 Bb7 14.
Ng5 h6 15. Ne4 Be7 16. Bf4 Rac8 17. Bc4 Nb8 18. a4 Ba6 19. Bb3 Nd7 20. Ng3 Rfe8
21. Rxe6 c5 22. Re3 cxd4 23. cxd4 Bf6 24. Rxe8+ Rxe8 25. Be3 Nb8 26. Rc1 Rc8
27. Rxc8+ Bxc8 28. Ne4 Be7 29. Bf4 Nd7 30. Bd6 Kf8 31. Kf1 Ba6+ 32. Ke1 Bb7 33.
Bxe7+ Kxe7 34. f3 Nf6 35. Nxf6 Kxf6 36. Kd2 Ke7 37. Ke3 g5 38. Bc2 Bc6 39. Bb3
f6 40. d5 Bd7 41. Bc2 Kd6 42. Kd4 b5 43. a5 Bc8 44. g4 Bb7 45. Bb3 Bc8 46. Bc2
Bb7 47. Be4 Bc8 48. Bf5 Bb7 49. Be6 a6 50. Ke4 Ba8 51. Kf5 Bxd5 52. Bxd5 Kxd5
53. Kxf6 Kc4 54. Kg6 Kb3 55. Kxh6 Kxb2 56. Kxg5 Kc3 57. h4 b4 58. h5 b3 59. h6
b2 60. h7 b1=Q 61. h8=Q+ Kc4 62. Qc8+ Kd4 63. Qxa6 Qc1+ 64. f4 Qc5+ 65. f5 Ke4
66. Qe2+ Kd5 67. Qe6+ Kd4 68. Qb6 1-0

[Event "Memorial Perezzani 2019"]
[Site "?"]
[Date "2019.03.03"]
[Round "5.14"]
[White "Zonta, Riccardo"]
[Black "Pisani, Valerio"]
[Result "1-0"]
[WhiteElo "1539"]
[BlackElo "1737"]
[PlyCount "81"]
[EventDate "2019.??.??"]

1. e4 e5 2. Nc3 Nf6 3. g3 Bc5 4. Bg2 d6 5. h3 Nc6 6. Nge2 Be6 7. d3 h6 8. O-O
Qd7 9. Kh2 O-O-O 10. a3 d5 11. exd5 Nxd5 12. Nxd5 Bxd5 13. Be3 Bxg2 14. Kxg2
Qd5+ 15. Kh2 Bxe3 16. fxe3 Qc5 17. e4 Nd4 18. Nxd4 $11 Qxd4 19. Rb1 Rhf8 20.
Qg4+ Kb8 21. Qxg7 Qe3 22. Qf6 Qc5 23. Rf2 Rd6 24. Qf3 Qd4 25. Qe2 Rg6 26. c3
Qd7 27. Rbf1 Rd6 28. Rd1 a6 29. Qe3 Rg8 30. Rdd2 Qe6 31. d4 exd4 32. Rxd4 Rb6
33. Rdd2 Rb5 34. Qf4 Rbg5 35. Rd3 Qc4 36. Rdf3 R8g7 37. Qe3 R5g6 38. Qd4 Qb3
39. Qd8+ Ka7 40. Qxc7 f5 41. Qc5+ 1-0

[Event "Memorial Perezzani 2019"]
[Site "?"]
[Date "2019.03.03"]
[Round "5.15"]
[White "De Marchi, Alessandro"]
[Black "Crestani, Federico"]
[Result "0-1"]
[WhiteElo "1612"]
[BlackElo "1525"]
[PlyCount "77"]
[EventDate "2019.??.??"]

1. Nf3 Nf6 2. c4 d6 3. Nc3 g6 4. d4 Bg7 5. e4 O-O 6. Be2 Nbd7 7. O-O c5 8. Re1
a6 9. Bf1 cxd4 10. Nxd4 Ne5 11. b3 Bd7 12. Bb2 Qc8 13. Rc1 Bg4 14. f3 Bd7 15.
Nd5 Nxd5 16. cxd5 Qd8 17. h3 Bh6 18. Rc2 Qb6 19. Kh1 Rac8 20. Ree2 Bf4 21. Bc1
Bxc1 22. Qxc1 Qxd4 23. f4 Nd3 24. Qd2 Rxc2 25. Qxc2 Nxf4 26. Rd2 Qb6 27. Kh2
Rc8 28. Bc4 Qc5 29. Qd1 Qe3 30. Rd4 Bxh3 31. e5 Bd7 32. e6 fxe6 33. dxe6 Bxe6
34. Bxe6+ Nxe6 35. Rd3 Qe5+ 36. g3 Rc3 37. Rxc3 Qxc3 38. Qd5 Qc2+ 39. Kh3 0-1

[Event "Memorial Perezzani 2019"]
[Site "?"]
[Date "2019.03.03"]
[Round "5.16"]
[White "Cortese, Lina"]
[Black "Pavesi, Bianca"]
[Result "1-0"]
[WhiteElo "1634"]
[BlackElo "1500"]
[PlyCount "85"]
[EventDate "2019.??.??"]

1. c4 e6 2. Nc3 d5 3. cxd5 exd5 4. d4 Nf6 5. Nf3 c5 6. Bg5 cxd4 7. Bxf6 Qxf6 8.
Qxd4 Qxd4 9. Nxd4 Bb4 10. Rc1 O-O 11. e3 Nc6 12. Nxc6 bxc6 13. a3 Ba5 14. b4
Bb6 15. a4 Bb7 16. a5 Bd8 17. Bd3 Bg5 18. O-O d4 19. a6 Bc8 20. Ne4 Be7 21.
Rxc6 Bxb4 22. exd4 Be6 23. Ng5 Bd5 24. Rc7 h6 25. Be4 Bxe4 26. Nxe4 Rfd8 27.
Rd1 Ba5 28. Rc6 Rab8 29. g3 Re8 30. Nd6 Red8 31. Nb7 Rd5 32. Nxa5 Rxa5 33. d5
Rd8 34. d6 Kh7 35. d7 f6 36. Rc8 Ra1 37. Rxa1 Rxd7 38. Rac1 Kg6 39. R8c7 Rd8
40. Rxa7 Kg5 41. Rxg7+ Kf5 42. a7 Ke4 43. Kg2 1-0